Minorías y masas en la cultura y el arte contemporáneos / (Record no. 135572)

MARC details
000 -LEADER
campo de control de longitud fija 00631nam a2200205 i 4500
001 - NÚMERO DE CONTROL
campo de control 135572
003 - IDENTIFICADOR DE NÚMERO DE CONTROL
campo de control ES-MaACL
005 - FECHA Y HORA DE LA ÚLTIMA TRANSACCIÓN
campo de control 20250812051529.0
007 - CAMPO FIJO DE DESCRIPCIÓN FÍSICA--INFORMACIÓN GENERAL
campo de control de longitud fija t|
008 - DATOS DE LONGITUD FIJA--INFORMACIÓN GENERAL
campo de control de longitud fija 070719s1963 sp ||||1| spa d
080 ## - NÚMERO DE LA CLASIFICACIÓN DECIMAL UNIVERSAL
Número de la Clasificación Decimal Universal 008"19/.."(04)
080 ## - NÚMERO DE LA CLASIFICACIÓN DECIMAL UNIVERSAL
Número de la Clasificación Decimal Universal 7"19/.."(04)
100 1# - ENTRADA PRINCIPAL--NOMBRE DE PERSONA
Nombre de persona Torre, Guillermo de (
Fechas asociadas al nombre 1900-1971)
9 (RLIN) 110740
245 10 - MENCIÓN DEL TÍTULO
Título Minorías y masas en la cultura y el arte contemporáneos /
Mención de responsabilidad, etc. Guillermo de Torre.
260 ## - PUBLICACIÓN, DISTRIBUCIÓN, ETC.
Lugar de publicación, distribución, etc. Barcelona :
Nombre del editor, distribuidor, etc. E.D.H.A.S.A.,
Fecha de publicación, distribución, etc. [1963]
300 ## - DESCRIPCIÓN FÍSICA
Extensión 378 p., 2 h. con lám. 1-34 ;
Dimensiones 20 cm.
650 #7 - PUNTO DE ACCESO ADICIONAL DE MATERIA--TÉRMINO DE MATERIA
Término de materia o nombre geográfico como elemento de entrada Arte-
Subdivisión cronológica S.XX
Fuente del encabezamiento o término
9 (RLIN) 141916
852 ## - LOCALIZACIÓN
Ubicación ES-MaACL
Número de control de estantería C-23403
Sublocalización o colección R.52063
Holdings
Estatus retirado Estado de pérdida Estado de daño No para préstamo Biblioteca de origen Biblioteca actual Ubicación en estantería Fecha de adquisición Fuente de adquisición Total de préstamos Signatura topográfica completa Código de barras Visto por última vez Precio de reemplazo Tipo de ítem Koha
        Biblioteca del Ateneo de Madrid Biblioteca del Ateneo de Madrid Depósito 2 17/01/2008     C-23403 1141099 23/02/2023 23/02/2023 Libro impreso